000
00297nam a2200121Ia 4500
008
231129s9999||||xx |||||||||||||| ||spa||
040
_b
spa
082
_a
Co861 A472r
100
_a
Alvarado Tenorio Harold
245
0
_a
Recuerda cuerpo
264
_a
Bogota Colombia : Unincca
942
_2
ddc
_c
BKS
999
_c
23789
_d
23789